|
|
|
|
| LEADER |
00989nam a2200241 a 4500 |
| 001 |
3788329 |
| 008 |
100523s1994 enk b 000 1 eng d |
| 010 |
|
|
|a 84029480
|
| 020 |
|
|
|a 1853262137
|
| 040 |
|
|
|a DLC
|c DLC
|d DLC
|d BD-DhAAL
|
| 082 |
0 |
0 |
|a 813/.4
|2 19
|
| 100 |
1 |
|
|a James, Henry,
|d 1843-1916.
|
| 245 |
1 |
0 |
|a Daisy Miller and other stories /
|c Henry James
|
| 260 |
|
|
|a Hertfordshire :
|b Wordsworth classics,
|c 1994
|
| 300 |
|
|
|a 146 p. ;
|c 19 cm.
|
| 490 |
0 |
|
|a Wordsworth classics
|
| 541 |
1 |
|
|e 00020322
|
| 650 |
|
0 |
|a Americans
|z Europe
|v Fiction
|
| 650 |
|
0 |
|a Young women
|v Fiction.
|
| 852 |
4 |
|
|a Ayesha Abed Library
|j General shelf
|
| 999 |
|
|
|c 8662
|d 8662
|
| 952 |
|
|
|0 0
|1 0
|2 ddc
|4 0
|6 813_400000000000000_JAM_1994
|7 0
|9 10417
|a BRACUL
|b BRACUL
|c GEN
|d 2010-05-24
|l 3
|m 6
|o 813.4 JAM
|p 3010020322
|r 2025-07-20
|s 2025-06-17
|t 1
|w 2010-05-24
|y BK
|
| 952 |
|
|
|0 0
|1 0
|2 ddc
|4 0
|6 813_400000000000000_JAM_1994
|7 0
|9 10486
|a BRACUL
|b BRACUL
|c GEN
|d 2010-05-25
|l 1
|m 20
|o 813.4 JAM
|p 3010020323
|r 2024-09-02
|s 2024-03-27
|t 2
|w 2010-05-25
|y BK
|